000 00664nam a2200253Ia 4500
003 OSt
005 20220918193220.0
006 a|||||r|||| 00| 0
007 ta
008 220917b |||||||| |||| 00| 0 eng d
024 _a72,288
037 _cTextual
040 _aARTS
_cARTS
_beng
041 _2eng
_aeng
082 _aR43, M1-;1
100 _aMacintyre Alasdair
245 0 _aAfter virtue
_b a study in normal theory
260 _aLondon
_bDuckworth
_c1981
300 _aix,252p.
_ccm.
500 _aBib 246-48p
650 _aSOCIAL ETHICS
_9763
942 _hR43, M1-;1
_cTEXL
_2CC
999 _c198292
_d198292